Caricamento...
Proceedings of the thirteenth kerala science congress
| Autore principale: | |
|---|---|
| Natura: | Printed Book |
| Pubblicazione: |
STEC, Government of India
2001
|
| Soggetti: |
| LEADER | 00546nam a2200193 4500 | ||
|---|---|---|---|
| 020 | |||
| 082 | |a 500 KER-P | ||
| 100 | |a Kerala State Committee on Science, Technology and Environment | ||
| 245 | |a Proceedings of the thirteenth kerala science congress | ||
| 250 | |||
| 260 | |a STEC, Government of India |c 2001 | ||
| 300 | |||
| 490 | |||
| 500 | |||
| 590 | |a VIN | ||
| 650 | |a Pure sciences | ||
| 942 | |c BK | ||
| 999 | |c 91376 |d 91376 | ||
| 952 | |0 0 |1 0 |4 0 |6 500_000000000000000_KERP |7 0 |9 104844 |a ZGY |b ZGY |l 0 |o 500 KER-P |p ZGY03913 |r 2019-09-25 |w 2019-09-25 |y BK | ||